Central Library OPAC University of Rajshahi

Impact of Climate Change on Socio-economic Conditions of Bangladesh / (Record no. 41236)

MARC details
000 -LEADER
fixed length control field 00849nam a2200253 a 4500
001 - CONTROL NUMBER
control field 41236
003 - CONTROL NUMBER IDENTIFIER
rucl marc code BD-RjUL
005 - DATE AND TIME OF LATEST TRANSACTION
control field 20211209053343.0
008 - FIXED-LENGTH DATA ELEMENTS--GENERAL INFORMATION
fixed length control field 160517s2013 bg a|||| |||| 00| 0 eng d
020 ## - INTERNATIONAL STANDARD BOOK NUMBER
International Standard Book Number 9789843378835
Terms of availability : TK 1500
035 ## - SYSTEM CONTROL NUMBER
System control number (BD-RjUL)41353
040 ## - CATALOGING SOURCE
Original cataloging agency BD-RjUL
Language of cataloging eng
Transcribing agency BD-RjUL
041 ## - LANGUAGE CODE
Language code of text/sound track or separate title eng
082 ## - DEWEY DECIMAL CLASSIFICATION NUMBER
Edition number 23
Classification number 304.25095492
Author mark and year IMP 2013
245 00 - TITLE STATEMENT
Title Impact of Climate Change on Socio-economic Conditions of Bangladesh /
Statement of responsibility, etc. Anwar Zahid..[et al..]
260 ## - PUBLICATION, DISTRIBUTION, ETC. (IMPRINT)
Place of publication, distribution, etc. Dhaka :
Name of publisher, distributor, etc. Alumini Association,
Date of publication, distribution, etc. 2013
300 ## - PHYSICAL DESCRIPTION
Pagination 278 p. :
Illustrations ill, maps ;
Size 25 cm.
650 ## - SUBJECT ADDED ENTRY--TOPICAL TERM
Topical term or geographic name as entry element Climatic changes
Geographic subdivision Bangladesh.
9 (RLIN) 124364
700 ## - ADDED ENTRY--PERSONAL NAME
Personal name Zahid, Anwar, editor
Personal name Hassan, Muhammad Qumrul, editor
Personal name Samad Quazi Abdus, editor
Personal name Islam, Rafiqul, editor
942 ## - ADDED ENTRY ELEMENTS (KOHA)
Source of classification or shelving scheme Dewey Decimal Classification
Koha item type Books
Holdings
Lost status Source of classification or shelving scheme Damaged status Not for loan Collection code Permanent Location Current Location Shelving location Date acquired Source of acquisition Total Checkouts Full call number Date last seen Copy number Koha item type
  Dewey Decimal Classification   Not For Loan Non-fiction Central Library, University of Rajshahi Central Library, University of Rajshahi Reading Room 02/07/2014 RUCL   304.25095492 IMP 2013 17/05/2016 C-1 Books